|
|
|
|
| LEADER |
00690cam a2200205 7i4500 |
| 001 |
0000023498 |
| 005 |
20170218090000.0 |
| 020 |
|
|
|a 9780273688853 (pbk.)
|
| 050 |
0 |
0 |
|a HF5635 .BEN 2008
|
| 090 |
0 |
0 |
|a HF5635
|b .B46 2008
|
| 100 |
1 |
|
|a Benedict, Augustine
|
| 245 |
1 |
0 |
|a Financial accounting :
|b an introduction
|c Augustine Benedict, Barry Elliott.
|
| 260 |
|
|
|a Harlow, England:
|b Prentice Hall,
|c 2008.
|
| 300 |
|
|
|a xvi, 756 p.;
|c 25 cm.
|
| 650 |
0 |
0 |
|a Financial statements
|
| 650 |
0 |
0 |
|a Accounting
|
| 700 |
1 |
|
|a Elliott, Barry
|
| 997 |
|
|
|a Business & Accountancy, Faculty
|
| 999 |
|
|
|a 0000031471
|b BOK
|c OPEN SHELF
|e 1st Floor, Shah Alam
|
| 999 |
|
|
|a 0000032199
|b BOK
|c OPEN SHELF
|e 1st Floor, Shah Alam
|